Istorija russkoj ekonomičeskoj mysli
Guardado en:
| Formato: | Libro |
|---|---|
| Lenguaje: | ruso |
| Publicado: |
Moskva
Izdateľstvo socialno-ekonomičeskoj literatury
1959
|
| Materias: | |
| Etiquetas: |
Sin Etiquetas, Sea el primero en etiquetar este registro!
|
MARC
| LEADER | 00000nam a2200000 4500 | ||
|---|---|---|---|
| 001 | c116965 | ||
| 005 | 20250820094309.7 | ||
| 041 | 0 | |a rus | |
| 044 | |a RU | ||
| 245 | 1 | 0 | |a Istorija russkoj ekonomičeskoj mysli |
| 264 | 1 | |a Moskva |b Izdateľstvo socialno-ekonomičeskoj literatury |c 1959 | |
| 300 | |a 526 s. | ||
| 610 | 2 | 0 | |a dejiny myslenia ekonomického |
| 610 | 2 | 0 | |a Rusko |
| 610 | 2 | 0 | |a vývoj hospodársky |